00959 a2200205 45000010006000000050017000060080041000230030015000640400040000790800024001192450102001430200022002452640030002673000019002975050362003160410008006781000019006867000018007057000030007236042720260407155855.0260407a1984 arg spa dAR-UNSa-BCEJYS aAR-UNSa-BCEJYSbspacAR-UNSa-BCEJYS a172xÉtica Social10aAnte el marxismo y el capitalismop¿Puede un cristiano ser marxista?¿Tiene que ser capitalista? a978-84-254-1408-4 1aBarcelona :bHerderc1984 a103 p.c20 cm. a1. ¿Son separables en el marxismo el pensamiento económico y la concepción del mundo? / Oswald Von Nell-Breuning - 2. Coincidencias y divergencias entre el análisis económico marxista y el cristiano / Arthur F. Utz - 3. ¿Es el capitalismo, para el cristiano, la alternativa al marxismo? / Alfred Klose - 4. Consideraciones finales / Arthur F. Utz aspa1 aUtz, Arthur F.1 aKlose, Alfred1 aNell-Breuning, Oswald Von